| 000 | 00527cam0a2200205 4500 | ||
|---|---|---|---|
| 999 |
_c1805 _d1805 |
||
| 001 | DYNIX__472628 | ||
| 003 | OSt | ||
| 005 | 20230131095455.0 | ||
| 008 | eng | ||
| 010 | 0 |
_a0-552-54936-3 _bpbk. |
|
| 020 | _a9780552549363 | ||
| 040 |
_cSTD _dKH8 |
||
| 082 | _a823.914 STR | ||
| 100 |
_aStrauss, Gwenn _eauthor |
||
| 210 | _aHong Kong | ||
| 245 |
_aThe Night Shimmy _cGwen Strauss |
||
| 260 | 1 |
_aBritain _bPicture Corgi Books _c1991. |
|
| 700 | 1 |
_aBrowne, Anthony _eAuthor |
|
| 942 |
_2ddc _cNFIC |
||